000 00726nam a2200205 i 4500
001 17971
003 ES-MaACL
005 20230906151729.0
007 t|
008 010709s2001 sp ||||1| spa d
080 _a929 Mon, Alejandro
100 0 _aFernández de la Mora, Gonzalo.
_949670
245 1 0 _aAlejandro Mon
_b: un bicentenario : conferencia pronunciada en el RIDEA, el 26 de febrero de 2001 /
_cGonzalo Fernández de la Mora y Mon.
260 _aOviedo :
_bReal Instituto de Estudios Asturianos,
_c2001.
300 _a39 p. :
_bil. ;
_c24 cm.
600 1 4 _aMon, Alejandro.
_982091
710 2 _aReal Instituto de Estudios Asturianos.
_9196189
852 _aES-MaACL
_j2164-F-21
_bR.130367
999 _c17971
_d17971